Word Ladder: No Time for Rhyme Quiz Stats

 Plays Quiz Updated Aug 4, 2012

Support Sporcle.
Go Orange.
Score 0/18 Timer 02:00
2 Plays Today
Clue Word % Correct
Bee homeHIVE
98%
You can't ____ with 'em;
you can't ____ without 'em
LIVE
97%
What a surfer ridesWAVE
96.6%
Ice cream holderCONE
96.2%
Free from dangerSAFE
95.5%
FinishedDONE
95.3%
First thing you do in the morningWAKE
95.3%
PossessHAVE
94.1%
Japanese rice liquor SAKE
93.4%
Clue Word % Correct
Sweet-smelling flowerROSE
92.7%
Medication amountDOSE
92.5%
ArriveCOME
91.4%
Explosive deviceBOMB
91.2%
Small restaurantCAFE
90.2%
Topic of much song and verseLOVE
88.5%
Final resting placeTOMB
86.7%
WanderROVE
83.1%
Large bookTOME
82.9%

Today's Daily Dose

Missing Word
Inventors

Word Ladder
Feud Chain

Get the Picture
Domestic Movie Titles

From the Vault

The Dumbledore Quiz

by zhambsch

All the Dumbledore you need to know, name by name.
Remove Ads.
Support Sporcle.
Get the best of Sporcle when you Go Orange. This ad-free experience offers more features, more stats, and more fun while also helping to support Sporcle. Thank you for becoming a member.

Show Comments

Extras

Top Quizzes Today


Score Distribution

Your Account Isn't Verified!

In order to create a playlist on Sporcle, you need to verify the email address you used during registration. Go to your Sporcle Settings to finish the process.

Report this User

Report this user for behavior that violates our Community Guidelines.

Details: